The Indian economy (Record no. 673)

MARC details
000 -LEADER
fixed length control field 00831 a2200217 4500
008 - FIXED-LENGTH DATA ELEMENTS--GENERAL INFORMATION
fixed length control field 080820t xxu||||| |||| 00| 0 eng d
010 ## - LIBRARY OF CONGRESS CONTROL NUMBER
LC control number ENG-84897
020 ## - INTERNATIONAL STANDARD BOOK NUMBER
International Standard Book Number 8131704033
Terms of availability 575.00
035 ## - SYSTEM CONTROL NUMBER
System control number EG-68430
037 ## - SOURCE OF ACQUISITION
Source of stock number/acquisition D.B.Act / Pub
082 ## - DEWEY DECIMAL CLASSIFICATION NUMBER
Classification number 330.954
100 ## - MAIN ENTRY--PERSONAL NAME
Personal name Sarkar, Jayanta.
245 ## - TITLE STATEMENT
Title The Indian economy
Remainder of title policies, practices, and heresies
Statement of responsibility, etc Jayanta Sarkar.
260 ## - PUBLICATION, DISTRIBUTION, ETC. (IMPRINT)
Place of publication, distribution, etc New Delhi
Name of publisher, distributor, etc Dorling Kindersley (India),
Date of publication, distribution, etc 2007
300 ## - PHYSICAL DESCRIPTION
Extent xii, 311 p. ;
Dimensions 24 cm. (Hb)
500 ## - GENERAL NOTE
General note Includes index.
651 ## - SUBJECT ADDED ENTRY--GEOGRAPHIC NAME
Geographic name India
General subdivision Economic policy
Chronological subdivision 1991-
651 ## - SUBJECT ADDED ENTRY--GEOGRAPHIC NAME
Geographic name India
General subdivision Economic conditions
Chronological subdivision 1947-
942 ## - ADDED ENTRY ELEMENTS (KOHA)
Institution code [OBSOLETE] dpl
Koha item type English Books
Call number prefix 330.954 / SAR
Source of classification or shelving scheme Dewey Decimal Classification
Classification part 330.954
Call number suffix SAR
Holdings
Withdrawn status Lost status Source of classification or shelving scheme Damaged status Not for loan Home library Current library Date acquired Cost, normal purchase price Total Checkouts Full call number Barcode Date last seen Copy number Uniform Resource Identifier Cost, replacement price Price effective from Koha item type
    Dewey Decimal Classification     D.B.Act.Division D.B.Act.Division 20/08/2008 575.00   330.954 SAR EN-68430 15/09/2008 1 653 575.00 15/09/2008 English Books

© Delhi Public Library
Hit Counter
free hit counter